|
|
|
|
| LEADER |
00000nab a2200000 a 4500 |
| 001 |
vtls001011333 |
| 003 |
SK-MaSNL |
| 005 |
20260304173630.0 |
| 008 |
040720e20030203xo 0 slo |
| 035 |
|
|
|a RV11933
|
| 040 |
|
|
|a RVGKPD
|b slo
|c RVGKPD
|e AACR2
|
| 041 |
0 |
|
|a slo
|
| 044 |
|
|
|a xo
|c SK
|
| 080 |
|
|
|a 796.92
|2 1981
|
| 100 |
0 |
|
|a (ela)
|4 aut
|9 855197
|
| 245 |
1 |
0 |
|a Úrazy sa v lyžiarskych strediskách vyskytujú zatiaľ sporadicky
|
| 300 |
|
|
|b 2 foto
|
| 650 |
0 |
7 |
|a lyžovanie
|2 SNKPH
|9 3256
|
| 650 |
0 |
7 |
|a lyžiarske strediská
|2 SNKPH
|9 70265
|
| 650 |
0 |
7 |
|a úrazy
|2 SNKPH
|9 123733
|
| 651 |
|
7 |
|a Vyšná Slaná (Slovensko)
|2 SNKPHgeo
|9 27911
|
| 651 |
|
7 |
|a Nižná Slaná (Slovensko)
|2 SNKPHgeo
|9 29467
|
| 651 |
|
7 |
|a Rejdová (Slovensko)
|2 SNKPHgeo
|9 58492
|
| 655 |
|
7 |
|a správy
|2 SNKPH
|9 70563
|
| 773 |
0 |
8 |
|t Gemerský denník
|g Roč. 5, č.27, 3.2.2003, s. 1
|
| 852 |
|
|
|a ZVYKNI
|b KIS3GCP
|
| 999 |
|
|
|c 3004785
|d 3006715
|